01000nam a22001937a 450000500170000000800410001704000700005804100080012810000420013624501940017825000120037226000600038430000250044450002240046965000170069365000140071065000440072470000380076820231018153748.0130821s1890 fr grdd spa  aCo-BoUCMbspacSandra Yazo (modificó)dSandra Yazo (modificó)00aspa aReal Academia Española de La Lengua00aNuevo diccionario de la lengua castellanabañadido con una veinte y seis mil voces, acepciones, frases, y locuciones, entre ellas muchas AmericanascEditado por don Vicente Salv y Pérez a10a. ed aParís (Francia)bLibrería de Garnier Hermanosc1890 axlii, 1467 páginas aContiene suplemento de m s de 300 páginas, que contiene las voces de ciencias y artes, etc., que no se hallan en el cuerpo de la obre. -- Incluye índice. -- Este libro se eencuentra en el depósito de la biblioteca04aDiccionarios04aEspañol04aEspañolvDiccionarios y enciclopedias aSalv y Pérez, Vicente., Editor